Arcipelago Toscano - Statistics

Statistiche generali
  • Questo quiz è stato fatto 163 volte
    162 dall'ultimo reset
  • Il punteggio medio è 5 su 10
Statistiche sulle risposte
Risposta % Corretto
Elba
99%
Giglio
91%
Montecristo
71%
Capraia
65%
Pianosa
64%
Giannutri
49%
Gorgona
42%
Formiche di Grosseto
27%
Palmaiola
13%
Cerboli
8%
Nessun quiz corrispondente trovato
Distribuzione punteggi
Percentuale di utenti per punteggio
Percentile per numero di risposta
I tuoi punteggi nel tempo
Non hai fatto questo quiz dall'ultimo reset